| 000 | 00723cam a2200241 a 4500 | ||
|---|---|---|---|
| 999 |
_c1098 _d1098 |
||
| 001 | 20009 | ||
| 003 | BD-DhUAP | ||
| 005 | 20210119130712.0 | ||
| 008 | 200202r20161945enk 001 0 eng d | ||
| 020 | _a9780414051935 | ||
| 040 |
_aUKM _cBD-DhUAP _dBD-DhUAP _dDLC _bEng |
||
| 082 | 0 | 4 |
_a349.41 WIL _223 |
| 100 | 1 | _aWilliams, Glanville. | |
| 245 | 1 | 0 |
_aGlanville Williams : _blearning the law / _cGlanville Williams ; edited by A. T. H. Smith. |
| 250 | _a16th ed. | ||
| 260 |
_aLondon : _bSweet & Maxwell, _cc1945 [2016]. |
||
| 300 |
_axv, 293 pages ; _c19 cm. |
||
| 500 | _aIncludes index. | ||
| 650 | 0 |
_aLaw _zGreat Britain. |
|
| 650 | 0 |
_aPractice of law _zGreat Britain. |
|
| 700 | 1 | _aSmith, A. T. H. | |
| 942 |
_2ddc _cBK |
||